[Event "DRUGA LIGA SRBIJE-GRUPA VOJVODINA 2016"]
[Site "Kac"]
[Date "2016.11.17"]
[Round "3.5"]
[White "Marceta, Dimitrije"]
[Black "Arbutina, Sinisa"]
[Result "0-1"]
[WhiteElo "1572"]
[BlackElo "2356"]
[PlyCount "48"]
[EventDate "2016.11.15"]

1. d4 d5 2. e4 dxe4 3. Nc3 Bf5 4. f3 e3 5. Bxe3 e6 6. Qd2 Nf6 7. h4 h6 8. O-O-O
c6 9. g4 Bg6 10. h5 Bh7 11. g5 hxg5 12. Bxg5 Bf5 13. Nge2 Nbd7 14. Ne4 Bxe4 15.
fxe4 Nxe4 16. Bxd8 Nxd2 17. Bg5 Ne4 18. Be3 Nef6 19. Nf4 Ng4 20. Re1 Nxe3 21.
Rxe3 Nf6 22. Be2 Rd8 23. c3 g6 24. Reh3 Bh6 0-1

[Event "DRUGA LIGA SRBIJE-GRUPA VOJVODINA 2016"]
[Site "Kac"]
[Date "2016.11.17"]
[Round "3.6"]
[White "Cabarkapa, Novak"]
[Black "Vujovic, Milorad M"]
[Result "1-0"]
[WhiteElo "2413"]
[BlackElo "2069"]
[PlyCount "66"]
[EventDate "2016.11.15"]

1. e4 c6 2. d4 d5 3. e5 Bf5 4. h4 h5 5. c4 e6 6. Nc3 a6 7. a3 dxc4 8. Bxc4 Ne7
9. Bg5 Qc7 10. Rc1 Nd7 11. Nge2 Nb6 12. Ba2 Ned5 13. Ng3 Bg6 14. Nce4 Be7 15.
Bxe7 Nxe7 16. Nd6+ Kf8 17. O-O Nbc8 18. Nde4 Nf5 19. Nxf5 Bxf5 20. Ng3 Bg6 21.
d5 exd5 22. Qxd5 Qe7 23. Qd4 Na7 24. f4 Nb5 25. Qe3 f5 26. Rfd1 Bh7 27. a4 Nc7
28. Rd6 Nd5 29. Bxd5 cxd5 30. Qc5 g6 31. Rf6+ Ke8 32. Qxe7+ Kxe7 33. Rc7+ Kd8
1-0

[Event "DRUGA LIGA SRBIJE-GRUPA VOJVODINA 2016"]
[Site "Kac"]
[Date "2016.11.17"]
[Round "3.6"]
[White "Vincilov, Dusan"]
[Black "Desnica, Vladan"]
[Result "0-1"]
[WhiteElo "2277"]
[BlackElo "2224"]
[PlyCount "92"]
[EventDate "2016.11.15"]

1. d4 Nf6 2. e3 b6 3. f4 Bb7 4. Nf3 g6 5. Bd3 Bg7 6. Nbd2 O-O 7. O-O c5 8. c3
d6 9. f5 Ba6 10. Ne4 Nxe4 11. Bxe4 d5 12. Bd3 Bxd3 13. Qxd3 Nc6 14. Bd2 Qd7 15.
Nh4 Bf6 16. Be1 Kg7 17. Rd1 Rad8 18. Bg3 e6 19. dxc5 exf5 20. cxb6 axb6 21.
Nxf5+ gxf5 22. Rxf5 Qe6 23. Rh5 Qe4 24. Qe2 Rfe8 25. Bf2 Re5 26. Rxe5 Nxe5 27.
Rd4 Qb1+ 28. Be1 Ng6 29. Rg4 Re8 30. a4 h5 31. Rb4 Bg5 32. Qf1 Bxe3+ 33. Bf2
Bxf2+ 34. Kxf2 Qc2+ 35. Kg1 Qd2 36. Rd4 Qxb2 37. Rd3 Qc2 38. Rf3 Re7 39. h3
Qxa4 40. Qf2 Qc6 41. Qd4+ Kg8 42. Qd2 Re5 43. Kh2 Qd6 44. Kg1 Qe7 45. Rf2 Re1+
46. Rf1 Qc5+ 0-1

[Event "DRUGA LIGA SRBIJE-GRUPA VOJVODINA 2016"]
[Site "Kac"]
[Date "2016.11.17"]
[Round "3.6"]
[White "Banovic, Ivan"]
[Black "Tomic, Zivan"]
[Result "1-0"]
[WhiteElo "2208"]
[BlackElo "2058"]
[PlyCount "78"]
[EventDate "2016.11.15"]

1. d4 Nf6 2. c4 d6 3. Nf3 Nbd7 4. Nc3 e5 5. e4 Be7 6. Be2 c6 7. O-O O-O 8. d5
c5 9. Ne1 Re8 10. a3 Nf8 11. b4 b6 12. Nd3 Ng6 13. Rb1 Bd7 14. Be3 Qc8 15. bxc5
bxc5 16. Qc2 Ng4 17. Bd2 h6 18. f3 Nf6 19. Rfe1 Nh5 20. g3 Nf6 21. Bf1 Nh7 22.
Bg2 Rb8 23. Rxb8 Qxb8 24. Rb1 Qc8 25. Be3 Bh3 26. Qa4 Bxg2 27. Kxg2 Bg5 28. Nd1
Rf8 29. Qxa7 Bf6 30. Qb7 Qd8 31. a4 Qa5 32. Qb5 Ra8 33. Qxa5 Rxa5 34. Rb8+ Nhf8
35. N3b2 Be7 36. Bd2 Ra7 37. Nc3 Kh7 38. Nb5 Ra6 39. Rb7 f6 1-0

[Event "DRUGA LIGA SRBIJE-GRUPA VOJVODINA 2016"]
[Site "Kac"]
[Date "2016.11.17"]
[Round "3.6"]
[White "Ilicin, Mladen"]
[Black "Remecki, Sinisa"]
[Result "0-1"]
[WhiteElo "2051"]
[BlackElo "2188"]
[PlyCount "68"]
[EventDate "2016.11.15"]

1. e4 c5 2. Nf3 Nc6 3. d4 cxd4 4. c3 d3 5. Bxd3 d6 6. h3 Nf6 7. O-O g6 8. Re1
Bg7 9. Nbd2 O-O 10. Nf1 Nd7 11. Qe2 Nde5 12. Nxe5 Nxe5 13. Bc2 Bd7 14. Ne3 Bc6
15. Nd5 e6 16. Nb4 a5 17. Nxc6 bxc6 18. b3 Nd7 19. Qd2 d5 20. Ba3 Re8 21. Rab1
Qf6 22. c4 Qc3 23. Qe2 Nf6 24. e5 Nd7 25. Bd6 Nxe5 26. cxd5 exd5 27. Kh1 Re6
28. Bc7 Nf3 29. Qxf3 Rxe1+ 30. Rxe1 Qxe1+ 31. Kh2 Be5+ 32. Bxe5 Qxe5+ 33. g3
Re8 34. Bd3 Re6 0-1

[Event "DRUGA LIGA SRBIJE-GRUPA VOJVODINA 2016"]
[Site "Kac"]
[Date "2016.11.17"]
[Round "3.6"]
[White "Torbica, Milos"]
[Black "Strbac, Milan"]
[Result "1-0"]
[WhiteElo "2237"]
[BlackElo "2053"]
[PlyCount "57"]
[EventDate "2016.11.15"]

1. d4 Nf6 2. Nf3 g6 3. Bf4 Bg7 4. c3 d6 5. e3 O-O 6. Be2 Nbd7 7. h3 b6 8. O-O
Bb7 9. a4 a5 10. Na3 Re8 11. Bh2 c6 12. Nd2 Qc7 13. Bf3 Rad8 14. Qc2 c5 15. Nb5
Qb8 16. Rfd1 Bxf3 17. Nxf3 Qb7 18. Qb3 Ne4 19. d5 f5 20. Na3 h6 21. Nc4 Rb8 22.
Qc2 Ndf6 23. Qd3 Qd7 24. Nfd2 Rf8 25. Nf1 g5 26. f3 g4 27. hxg4 fxg4 28. fxe4
Nh5 29. Ng3 1-0